|
|
|
|
| LEADER |
01146nam a2200277 u 4500 |
| 001 |
10077188 |
| 003 |
upatras |
| 005 |
20210117201954.0 |
| 008 |
090728s1960 f fre |
| 040 |
|
|
|a GR-PaULI
|c GR-PaULI
|
| 041 |
0 |
|
|a fre
|
| 082 |
1 |
4 |
|a 155.8938
|2 22
|
| 100 |
1 |
|
|a Aigrisse, Gilberte
|9 77616
|
| 245 |
1 |
0 |
|a Psychanalyse de la Grece antique
|c par Gilberte Aigrisse
|
| 260 |
|
|
|a Paris
|b Les Belles Lettres
|c 1960
|
| 300 |
|
|
|a 254 p.
|c 21 cm.
|
| 490 |
0 |
|
|a Collection d'etudes anciennes
|
| 504 |
|
|
|a Bibliography: p. [252]-254
|
| 650 |
|
4 |
|a Ψυχανάλυση
|x Πολιτισμός
|z Ελλάδα
|9 77617
|
| 650 |
|
4 |
|a Εθνικά χαρακτηριστικά, Ελληνικά
|9 12201
|
| 760 |
1 |
|
|a Collection d'etudes anciennes
|
| 852 |
|
|
|a GR-PaULI
|b ΠΑΤΡΑ
|b ΦΙΛΟΛΟΓΙΑ
|k ΔΑΝΕΙΖ-6
|h 155.8938 AIG
|m 004098
|p 025000087198
|t 1
|
| 942 |
|
|
|2 ddc
|
| 952 |
|
|
|0 0
|1 0
|2 ddc
|4 0
|6 155_893800000000000_AIG
|7 0
|9 79795
|a LISP
|b LISP
|c BSC
|d 2016-04-24
|i 004098
|l 0
|o 155.8938 AIG
|p 025000087198
|r 2016-04-24 00:00:00
|t 1
|w 2016-04-24
|y BK15
|x Μεταφορά Τμήματος Φιλολογίας
|
| 998 |
|
|
|c ELIDOC
|d 2009-07
|
| 999 |
|
|
|c 53035
|d 53035
|